| Record ID | ia:geographyofimagi0000dave |
| Source | Internet Archive |
| Download MARC XML | https://archive.org/download/geographyofimagi0000dave/geographyofimagi0000dave_marc.xml |
| Download MARC binary | https://www.archive.org/download/geographyofimagi0000dave/geographyofimagi0000dave_meta.mrc |
LEADER: 00588pam a2200193 i 4500
001 80023870
003 DLC
005 19810805000000.0
008 800715s1981 cau b 00010 eng
010 $a 80023870
020 $a0865470006 :$c$20.00
020 $a0865470014 (pbk.) :$c$8.50
050 0 $aPS3554.A86$bG4 1981
082 0 $a814/.54$219
100 10 $aDavenport, Guy.
245 14 $aThe geography of the imagination :$bforty essays /$cby Guy Davenport.
260 0 $aSan Francisco :$bNorth Point Press,$c1981.
300 $ax, 384 p. ;$c24 cm.
504 $aIncludes bibliographical references.